[Event "Tatran Cup"]
[Site "Stary Smokovec"]
[Date "1991.??.??"]
[Round "4"]
[White "Gross, Stefan"]
[Black "Plachetka, Jan"]
[Result "1/2-1/2"]
[WhiteElo "2430"]
[BlackElo "2470"]

1.Nf3 d5 2.c4 e6 3.g3 Nf6 4.Bg2 Nbd7 5.d4 c6 6.Qc2 Be7 7.O-O O-O 8.cxd5 exd5
9.Nc3 Re8 10.Rd1 Bd6 11.Bf4 Bxf4 12.gxf4 Nf8 13.e3  1/2-1/2

[Event "Stavanger op"]
[Site "Stavanger"]
[Date "1991.??.??"]
[Round "1"]
[White "Gausel, Einar"]
[Black "Westerinen, Heikki MJ"]
[Result "1/2-1/2"]
[WhiteElo "2435"]
[BlackElo "2420"]

1.Nf3 d5 2.c4 d4 3.e3 Nc6 4.d3 e5 5.Na3 Bc5 6.Nc2 Qd6 7.exd4 Nxd4 8.Ncxd4 exd4
9.Be2 Nf6 10.O-O O-O 11.Bg5 a5 12.Nd2 Bf5 13.g4 Bd7 14.Bf3 h6 15.Bxf6 Qxf6
16.Ne4 Qb6 17.Ng3 Qg6 18.Bxb7 Rab8 19.Be4 Qxg4 20.Qxg4 Bxg4 21.Rab1 Rb6 22.b3 f5
23.Bd5+ Kh8 24.f4 g5 25.Kg2 gxf4 26.Rxf4 Rg6 27.Kh1 Bd6 28.Rf2 Bxg3 29.hxg3 Rff6
30.c5 Rg5 31.Re1 f4 32.Re8+ Kg7 33.Bc4 f3 34.Re7+ Kf8 35.Re4 Bh3 36.Rxd4 Rxg3
37.Rh4 Bg2+ 38.Kh2 Rg5 39.d4 Kg7 40.a3 Rf8 41.Re4 Rh5+ 42.Kg3 Rh3+ 43.Kg4 h5+
44.Kg5 Rg3+ 45.Kh4 Rg6 46.Re5 Kh6  1/2-1/2

[Event "Tbilisi"]
[Site "Tbilisi"]
[Date "1991.??.??"]
[Round "?"]
[White "Sturua, Zurab"]
[Black "Efimov, Igor"]
[Result "1-0"]
[WhiteElo "2505"]
[BlackElo "2470"]

1.Nf3 d5 2.c4 e6 3.g3 g6 4.Bg2 Bg7 5.O-O Ne7 6.d4 O-O 7.Qc2 Nbc6 8.Rd1 h6
9.e3 Nf5 10.Nc3 dxc4 11.Qe2 Nd6 12.e4 b5 13.e5 b4 14.Na4 Ba6 15.Nc5 Bb5 16.exd6 cxd6
17.Ne4 d5 18.a4 bxa3 19.Nc3 axb2 20.Bxb2 a6 21.Qd2 Rb8 22.h4 Re8 23.Ne2 Rb7
24.Bc3 Ne7 25.Bh3 Nc8 26.Ne5 Nd6 27.Qe3 Kh7 28.Nf4 Ne4 29.Ba5 Qd6 30.Kh2 Bc6
31.Rab1 Bxe5 32.Rxb7 Bxb7 33.dxe5 Qxe5 34.Bg2 Nf6 35.Qa7 Re7 36.Kg1 Rd7 37.Qc5 Qd6
38.Qa7 e5 39.Ne2 Kg7 40.Bc3 Bc8 41.Qe3 d4 42.Nxd4 Qe7 43.Bf3 exd4 44.Qxe7 Rxe7
45.Rxd4 g5 46.Rd6 Be6 47.Be4 g4 48.Rxa6 Rd7 49.Bc2 Rd5 50.Kf1 Rb5 51.Ke1 h5
52.Kd2 Rd5+ 53.Ke3 Rb5 54.Kf4 Rd5 55.Rc6 Rb5 56.Ra6 Rd5 57.Ke3 Rb5 58.Rc6 Rd5
59.Rb6 Rc5 60.Be4  1-0

[Event "Tel Aviv"]
[Site "Tel Aviv"]
[Date "1991.??.??"]
[Round "9"]
[White "Grivas, Efstratios"]
[Black "Lev, Ronen"]
[Result "1/2-1/2"]
[WhiteElo "2425"]
[BlackElo "2420"]

1.Nf3 d5 2.c4 d4 3.e3 Nc6 4.Nxd4 Nxd4 5.exd4 Qxd4 6.Be2 Bf5 7.Nc3 O-O-O 8.O-O Bd3
9.Qa4 a6 10.Bxd3 Qxd3 11.c5 e6 12.b4 Nf6 13.Ba3 Nd5 14.Rab1 c6 15.Qb3 h5
16.Bb2 h4 17.Nxd5 Rxd5 18.Qxd3 Rxd3 19.Bc3 Rh5 20.Rfe1 g6 21.Re3 Rd7 22.Kf1 Bh6
23.Re2 Bf4 24.h3 Rhd5 25.Ke1 Rd3 26.Rc1 R7d5 27.Kd1 e5 28.f3 f6 29.Kc2 Kd7
30.Rb1 Ke6 31.a4 Rd7 32.a5 Kf7 33.Rd1 R3d5 34.Re4 f5 35.Re2 g5 36.Rde1 Bg3
37.Rf1 Kg6 38.Rd1 Kh5 39.Rf1 Bf4 40.Rfe1 Bg3 41.Rf1 Bf4 42.Rfe1 g4 43.fxg4+ fxg4
44.hxg4+ Kxg4 45.Rf1 Rd3 46.Rh1 R7d5 47.Rf1 Rg3 48.Rff2 Kf5 49.Re1 Rg4 50.Ree2  1/2-1/2

[Event "Ter Apel"]
[Site "Ter Apel"]
[Date "1991.??.??"]
[Round "3"]
[White "Wojtkiewicz, Aleksander"]
[Black "Shirov, Alexei"]
[Result "1/2-1/2"]
[WhiteElo "2540"]
[BlackElo "2615"]

1.Nf3 d5 2.c4 c6 3.d4 Nf6 4.Qb3 e6 5.g3 a6 6.a4 c5 7.cxd5 exd5 8.dxc5 Bxc5
9.Bg2 O-O 10.O-O Nc6 11.Bg5 Re8 12.e3 Be6 13.Qc2 Ba7 14.Nc3 h6 15.Bxf6 Qxf6
16.Rad1 Rad8 17.Rd2 d4 18.exd4 Bxd4 19.Ne4 Qg6 20.Nxd4 Nxd4 21.Qc3 Bh3 22.Rxd4 Bxg2
23.Rxd8 Rxd8 24.Nf6+ gxf6 25.Kxg2 Qe4+ 26.Kg1 Kg7 27.b4 Rd3 28.Re1 Qd5 29.Qc7 Rd4
30.Qe7 f5 31.a5 f4 32.Rf1 f3 33.Qe3 Rd3 34.Qc1 Qd4 35.Qc2 Ra3 36.Qb1 Qd3
37.Qc1 Rb3 38.Rd1 Qe4 39.Qa1+ Kh7 40.Qa2 Qxb4 41.h3 Kg7 42.Qa1+ Qc3 43.Qxc3+ Rxc3
44.Rb1 Ra3 45.Rxb7 Rxa5 46.Rb3 Rf5 47.g4 Rf6 48.Rb8 h5 49.gxh5 Rf5 50.Kh2 Rxh5
51.Ra8 Rg5 52.Rxa6 Rg2+ 53.Kh1 Rxf2 54.Ra3  1/2-1/2

[Event "Vanlose"]
[Site "Vanlose"]
[Date "1991.??.??"]
[Round "?"]
[White "Busch, Klaus"]
[Black "Petersen, Soren Boeck"]
[Result "1-0"]
[WhiteElo "2420"]
[BlackElo "2325"]

1.Nf3 d5 2.c4 dxc4 3.Na3 c5 4.Nxc4 Nc6 5.b3 f6 6.Bb2 e5 7.d3 Nge7 8.a3 Be6
9.e3 Nf5 10.Be2 Be7 11.Qc2 O-O 12.O-O Qd7 13.Kh1 Rfd8 14.Rg1 Nd6 15.Rad1 Nxc4
16.dxc4 Qe8 17.Bd3 Qh5 18.Be4 Rxd1 19.Rxd1 Rd8 20.Bd5 Qf7 21.e4 Bd6 22.Rd3 Kf8
23.Ng5 fxg5 24.Rf3 Qxf3 25.gxf3 Ke7 26.Kg2 Bd7 27.Qd1 Rf8 28.Bc1 h6 29.Be3 b6
30.h3 Nd8 31.Qd2 Ne6 32.Bxe6 Bxe6 33.Qc3 Rc8 34.Qd2 Rf8 35.Qc1 Rc8 36.Qb2 Rc7
37.Bd2 a5 38.Bc3 Kf6 39.Qc1 Re7 40.Qd2 Rd7 41.Qc2 Bf7 42.h4 Ke6 43.hxg5 hxg5
44.Qc1 Be7 45.Kf1 Bh5 46.Ke2 Bd8 47.Qh1 Bf7 48.Qh3+ Kd6 49.Bxe5+ Kc6 50.a4 g6
51.Qh8 Be6 52.Bf6 Bxf6 53.Qxf6 Rd6 54.Qxg5 Bf7 55.Qe7 Be6 56.e5  1-0

[Event "Vienna op"]
[Site "Vienna"]
[Date "1991.??.??"]
[Round "1"]
[White "Gulko, Boris F"]
[Black "Froeschl, Felix"]
[Result "1-0"]
[WhiteElo "2565"]
[BlackElo "2235"]

1.Nf3 d5 2.c4 dxc4 3.e3 Bf5 4.Bxc4 e6 5.Qb3 Qc8 6.Nc3 Nd7 7.d4 Nb6 8.Be2 Nf6
9.Ne5 h6 10.a4 Nbd5 11.Bf3 Nb4 12.e4 Bh7 13.a5 Be7 14.O-O O-O 15.Be3 Nd7
16.Nc4 Rb8 17.Rfc1 a6 18.Rd1 b5 19.axb6 cxb6 20.Bf4 a5 21.Bxb8 Qxb8 22.Nb5 Rd8
23.Rac1 Nf6 24.e5 Nfd5 25.Bxd5 Nxd5 26.Ncd6 Bg6 27.Qg3 Bg5 28.Rc4 Bh5 29.Re1 Qa8
30.Nc7 Nxc7 31.Rxc7 Qd5 32.h4 Bd2 33.Ne4  1-0

[Event "Villa Ballester op"]
[Site "Villa Ballester"]
[Date "1991.??.??"]
[Round "?"]
[White "Panno, Oscar"]
[Black "Sakurai, Leonardo"]
[Result "1-0"]
[WhiteElo "2440"]
[BlackElo "2350"]

1.Nf3 d5 2.c4 c6 3.e3 Nf6 4.Nc3 g6 5.d4 Bg7 6.Bd3 O-O 7.O-O c5 8.h3 cxd4
9.exd4 Nc6 10.Re1 Nb4 11.cxd5 Nfxd5 12.Be4 Nf6 13.a3 Nxe4 14.Rxe4 Nc6 15.d5 Bf5
16.Re1 Na5 17.Bf4 Rc8 18.Be5 Bh6 19.Bd4 Nc4 20.Ne5 Nxe5 21.Rxe5 a6 22.Qa4 Re8
23.Rae1 Bg7 24.R5e3 Bc2 25.Qb4 a5 26.Qb6 Qxb6 27.Bxb6 Bxc3 28.bxc3 Ba4 29.Re4 Bc2
30.Rxe7 Rxe7 31.Rxe7 Kf8 32.d6  1-0

[Event "Warsaw Legion op"]
[Site "Warsaw"]
[Date "1991.??.??"]
[Round "4"]
[White "Czerwonski, Aleksander"]
[Black "Kveinys, Aloyzas"]
[Result "0-1"]
[WhiteElo "2370"]
[BlackElo "2435"]

1.Nf3 d5 2.c4 d4 3.e3 c5 4.b4 f6 5.bxc5 e5 6.Nxe5 fxe5 7.Qh5+ Ke7 8.Qxe5+ Kf7
9.Qxd4 Qxd4 10.exd4 Be7 11.Bb2 Bf6 12.Bc3 Nh6 13.f3 Nf5 14.d5 Nd4 15.Na3 Na6
16.Rb1 Nxc5 17.Bxd4 Bxd4 18.Nb5 Bf5 19.Rb4 a5 20.Nd6+ Kf6 21.Rb6 Ra6 22.Ne4+ Ke5
23.Rb5 Bxe4 24.fxe4 Rf6 25.d3 Rf2 26.Be2 Rhf8  0-1

[Event "Warsaw Legion op"]
[Site "Warsaw"]
[Date "1991.??.??"]
[Round "10"]
[White "Panchenko, Alexandar G"]
[Black "Cichocki, Adam"]
[Result "1-0"]
[WhiteElo "2430"]
[BlackElo "2285"]

1.Nf3 d5 2.c4 c6 3.e3 Nf6 4.Nc3 Nbd7 5.d4 e6 6.Bd3 dxc4 7.Bxc4 b5 8.Be2 b4
9.Na4 Be7 10.O-O O-O 11.Bd2 Ne4 12.Bd3 Nxd2 13.Nxd2 Bb7 14.Rc1 e5 15.dxe5 Nxe5
16.Bxh7+ Kxh7 17.Qh5+ Kg8 18.Qxe5 Bf6 19.Qh5 Bxb2 20.Rcd1 Bf6 21.Nc5 Bc8
22.Nde4 Qe7 23.f4 g6 24.Nxf6+ Qxf6 25.Qf3 Qe7 26.Rc1 Be6 27.Nxe6 Qxe6 28.Rxc6 Qxa2
29.f5 Rac8 30.fxg6 Rxc6 31.Qxc6 Qb3 32.Qe4 Kg7 33.Qe5+ Kg8 34.Qg5 Qc3 35.gxf7+ Kh7
36.h3 Qg7 37.Qh4+ Qh6 38.Qxb4 Qxe3+ 39.Kh1 Kg7 40.Qg4+ Kh7 41.Qf5+ Kg7 42.Rf4 Qc1+
43.Kh2  1-0

[Event "Werfen op"]
[Site "Werfen"]
[Date "1991.??.??"]
[Round "6"]
[White "Knoll, Hermann"]
[Black "Klovans, Janis"]
[Result "0-1"]
[WhiteElo "2055"]
[BlackElo "2385"]

1.Nf3 d5 2.c4 e6 3.d4 Nf6 4.Nc3 Be7 5.Bg5 h6 6.Bh4 O-O 7.e3 b6 8.Bxf6 Bxf6
9.cxd5 exd5 10.Be2 Be6 11.Rc1 Nd7 12.O-O c5 13.Qb3 c4 14.Qc2 Rc8 15.b3 cxb3
16.Qxb3 Nc5 17.Qb1 Nb7 18.Nb5 a5 19.Na7 Rxc1 20.Rxc1 Nd6 21.Nc6 Qa8 22.Qxb6 Rc8
23.Ba6 Bd8 24.Qc5 Qxa6 25.Qxd6 Bf6 26.h3 Kh7 27.Rc5 Qb6 28.a4 Rc7 29.Nfe5 Bxe5
30.dxe5 Bd7 31.Qxd5 Bxc6 32.Qd6 Qb1+ 33.Kh2 Qg6 34.e4 Qxe4 35.f3 Qf4+ 36.Kg1 Qe3+
37.Kh1 Rd7 38.Rxc6 Rxd6 39.exd6 Qe1+ 40.Kh2 Qe5+  0-1

[Event "Werfen op"]
[Site "Werfen"]
[Date "1991.??.??"]
[Round "9"]
[White "Pronold, Helmut"]
[Black "Holzbauer, Johannes"]
[Result "0-1"]
[WhiteElo "2315"]
[BlackElo "2025"]

1.Nf3 d5 2.c4 c6 3.b3 Bf5 4.Bb2 e6 5.g3 Nd7 6.Bg2 Ngf6 7.O-O Bd6 8.d3 Qe7
9.Nbd2 h6 10.e4 dxc4 11.dxc4 Bg4 12.Qc2 e5 13.a3 O-O 14.h3 Bxf3 15.Bxf3 a5
16.Rfd1 Rfd8 17.Nf1 Bc5 18.Qe2 Nf8 19.Rxd8 Rxd8 20.Ne3 Bxe3 21.Qxe3 N6d7
22.Rd1 Ne6 23.Bg4 f6 24.b4 axb4 25.axb4 Ndf8 26.Rxd8 Qxd8 27.Bc3 b6 28.Kg2 c5
29.h4 Nd4 30.Qd3 Qa8 31.Bxd4 exd4 32.Kh3 Qa1 33.Bd1 Qc3 34.Qxc3 dxc3 35.b5 Ne6
36.Kg4 Nd4 37.f4 c2  0-1

[Event "Hoogovens-B"]
[Site "Wijk aan Zee"]
[Date "1991.??.??"]
[Round "5"]
[White "Barbero, Gerardo F"]
[Black "Van der Sterren, Paul"]
[Result "0-1"]
[WhiteElo "2495"]
[BlackElo "2475"]

1.Nf3 d5 2.c4 e6 3.b3 Nf6 4.g3 Be7 5.Bg2 O-O 6.O-O b6 7.Bb2 Bb7 8.e3 Nbd7
9.d3 dxc4 10.bxc4 Nc5 11.Ne5 Bxg2 12.Kxg2 Qe8 13.Nc3 Bd6 14.f4 Rd8 15.Qf3 Na4
16.Nxa4 Qxa4 17.Nc6 Ng4 18.Rfe1 Rde8 19.h3 Nh6 20.Re2 Nf5 21.Rg1 Bc5 22.Rge1 Ne7
23.Nxe7+ Bxe7 24.Qg4 g6 25.e4 Rd8 26.Qf3 Qc6 27.g4 Rd7 28.f5 exf5 29.gxf5 Rfd8
30.Rd1 Bc5 31.fxg6 Qxg6+ 32.Qg4 Rxd3 33.Rxd3 Rxd3 34.Be5 Bd6 35.Qxg6+ hxg6
36.Bxd6 Rxd6 37.c5 Rd3 38.cxb6 cxb6 39.h4 Ra3 40.e5 Kf8 41.e6 fxe6 42.Rxe6 Rxa2+
43.Kg3 Kf7 44.Rc6 b5 45.Kf4 b4 46.Rc7+ Ke6 47.Rb7 a5 48.Kg5 Rg2+ 49.Kh6 Kd5
50.Rb5+ Kc4 51.Rxa5 b3  0-1

[Event "Wuerzburg op"]
[Site "Wuerzburg"]
[Date "1991.??.??"]
[Round "6"]
[White "Miltner, Arndt"]
[Black "Semkov, Semko"]
[Result "0-1"]
[WhiteElo "2320"]
[BlackElo "2460"]

1.Nf3 d5 2.c4 e6 3.b3 Nf6 4.Bb2 Be7 5.g3 c6 6.Bg2 b5 7.O-O Nbd7 8.d3 Qb6
9.Nbd2 bxc4 10.dxc4 O-O 11.Qc2 Bb7 12.Rac1 Rfc8 13.h3 a5 14.g4 c5 15.a4 d4
16.Rfe1 Bd6 17.e3 e5 18.g5 Ne8 19.h4 Rd8 20.h5 Nf8 21.exd4 exd4 22.Ne5 Bxg2
23.Kxg2 f6 24.gxf6 Nxf6 25.Qf5 Bxe5 26.Rxe5 g6 27.hxg6 Nxg6 28.Qg5 Ra7 29.Rf5 Rf8
30.Ba3 Rg7 31.Bxc5 Qc6+ 32.Kh2 Nh4 33.Rg1 Rxg5 34.Rfxg5+ Ng6 35.Bxf8 Kxf8
36.Rf5 Qd6+ 37.Rg3 Kg7 38.Rxa5 Qf4 39.Ra7+ Kh6 40.Kg2 Qxd2 41.Rf7 Nf4+  0-1

[Event "Zug"]
[Site "Zug"]
[Date "1991.??.??"]
[Round "4"]
[White "Fioramonti, Hung"]
[Black "Bachmayr, Peter"]
[Result "1-0"]
[WhiteElo "2290"]
[BlackElo "2345"]

1.Nf3 d5 2.c4 e6 3.g3 Nf6 4.Bg2 Be7 5.O-O O-O 6.d4 c5 7.cxd5 exd5 8.Nc3 Nc6
9.Bg5 c4 10.Ne5 Be6 11.f4 Ng4 12.Nxg4 Bxg4 13.Bxd5 Bxg5 14.fxg5 Qxg5 15.Rf4 Rad8
16.Qf1 Be6 17.Bxe6 fxe6 18.e3 b5 19.Qf3 Nb4 20.Rf1 Rxf4 21.Qxf4 Qxf4 22.gxf4 Nd5
23.Kf2 b4 24.Ne4 Rb8 25.Rc1 c3 26.bxc3 bxc3 27.Nxc3 Rb2+ 28.Kf3 Nxc3 29.Rxc3 Rxa2
30.Rc7 Kf8 31.h4 h5 32.Rc5 g6 33.Rc7 a5 34.Ra7 a4 35.Ke4 Ra3 36.Kf3 Ra1 37.Ke4 Ra3
38.Ke5 Rxe3+ 39.Kf6 Ke8 40.Rxa4 Re4 41.Kxg6 Rxf4 42.Kxh5 e5 43.Ra8+ Kf7 44.Ra7+ Kf8
45.dxe5 Rf5+ 46.Kg6 Rxe5 47.Ra8+ Ke7 48.Kg7 Rh5 49.Ra4 Rb5 50.Re4+ Kd8 51.Kf7 Rd5
52.Kg7 Rd7+ 53.Kf8 Rd5 54.Kf7 Rd7+ 55.Kg6 Rd6+ 56.Kf5 Rd5+ 57.Ke6 Rd1 58.Rg4 Re1+
59.Kf7 Rf1+ 60.Kg7 Rh1 61.Re4 Kd7 62.Kg6 Rg1+ 63.Kh6 Rg2 64.Re5 Kd6 65.Rg5 Rh2
66.h5 Ke6 67.Kg6 Rf2 68.h6 Rf6+ 69.Kg7 Rf7+ 70.Kg8  1-0

[Event "Altensteig"]
[Site "Altensteig"]
[Date "1992.??.??"]
[Round "3"]
[White "Gabriel, Christian"]
[Black "Luther, Thomas"]
[Result "1/2-1/2"]
[WhiteElo "2490"]
[BlackElo "2435"]

1.Nf3 d5 2.c4 e6 3.g3 dxc4 4.Qa4+ Nd7 5.Qxc4 b6 6.Bg2 Bb7 7.O-O c5 8.d4 Ngf6
9.Nc3 a6 10.dxc5 Bxc5 11.Bf4 O-O 12.Rad1 b5 13.Qd3 Qb6 14.Ng5 Bxg2 15.Kxg2 Rfd8
16.Nge4 Be7 17.Qf3 b4 18.Na4 Qb5 19.b3 Nxe4 20.Qxe4 Nf6 21.Qc2 Nd5 22.Nb2 Nc3
23.Rxd8+ Rxd8 24.Nc4 Bf6 25.f3 h6 26.Bc1 a5 27.e3 a4 28.Rf2 Rd7 29.Rd2  1/2-1/2

[Event "Women-Veterans"]
[Site "Aruba"]
[Date "1992.??.??"]
[Round "4"]
[White "Ivkov, Borislav"]
[Black "Galliamova, Alisa"]
[Result "1-0"]
[WhiteElo "2495"]
[BlackElo "2400"]

1.Nf3 d5 2.c4 e6 3.e3 dxc4 4.Bxc4 Nf6 5.d4 c5 6.dxc5 Qxd1+ 7.Kxd1 Bxc5 8.Ke2 a6
9.Nbd2 Nc6 10.a3 O-O 11.b4 Bd6 12.Bb2 e5 13.Bd3 Re8 14.Ne4 Bc7 15.Rac1 Bg4
16.h3 Bh5 17.Nxf6+ gxf6 18.Be4 Re6 19.g4 Bg6 20.Nd2 Rd8 21.Bf5 Re7 22.Ne4 Kg7
23.Rhg1 a5 24.b5 Na7 25.a4 Nc8 26.Ba3 Nd6 27.Rxc7 Rxc7 28.Bxd6 Rc4 29.Be7 Ra8
30.Kf3 Rxa4 31.h4 h6 32.h5 Bxf5 33.gxf5+ Kh7 34.Nxf6+ Kh8 35.Bd6 e4+ 36.Kf4  1-0

[Event "Akropolis"]
[Site "Athens"]
[Date "1992.??.??"]
[Round "8"]
[White "Wojtkiewicz, Aleksander"]
[Black "Skembris, Spyridon"]
[Result "1/2-1/2"]
[WhiteElo "2495"]
[BlackElo "2530"]

1.Nf3 d5 2.c4 e6 3.g3 c6 4.Qc2 Nf6 5.Bg2 Bd6 6.d4 O-O 7.O-O Nbd7 8.Bf4 Bxf4
9.gxf4 Ne4 10.Nc3 Nd6 11.c5 Nf5 12.b4 b6 13.Rfd1 Qc7 14.e3 a5 15.a3 Bb7 16.Bh3 g6
17.Rdc1 b5 18.bxa5 Rxa5 19.Ra2 Rfa8 20.Rca1 Qd8 21.Bxf5 exf5 22.a4 bxa4 23.Rxa4 Rxa4  1/2-1/2

[Event "Auckland"]
[Site "Auckland"]
[Date "1992.??.??"]
[Round "11"]
[White "Small, Vernon A"]
[Black "Dreyer, Martin"]
[Result "1-0"]
[WhiteElo "2390"]
[BlackElo "2235"]

1.Nf3 d5 2.c4 c6 3.b3 Bf5 4.Bb2 e6 5.cxd5 exd5 6.e3 Nf6 7.Be2 Bd6 8.Nd4 Be6
9.f4 a6 10.O-O c5 11.Nxe6 fxe6 12.Bh5+ g6 13.Bf3 O-O 14.Nc3 Nc6 15.Rc1 Rc8
16.Qe2 b5 17.g4 Ne7 18.Qg2 b4 19.Na4 Rf7 20.Rc2 d4 21.Bb7 Nfd5 22.Bxc8 Qxc8
23.Bxd4 e5 24.Bxe5 Bxe5 25.fxe5 Rxf1+ 26.Kxf1 Qf8+ 27.Kg1 Qb8 28.Qe4 Qb5
29.d3 Nc3 30.Nxc3 bxc3 31.Qc4+  1-0

[Event "AUT-chT"]
[Site "AUT"]
[Date "1992.??.??"]
[Round "?"]
[White "Horvath, Csaba"]
[Black "Blatny, Pavel"]
[Result "1/2-1/2"]
[WhiteElo "2485"]
[BlackElo "2480"]

1.Nf3 d5 2.c4 e6 3.g3 dxc4 4.Qa4+ Nd7 5.Bg2 a6 6.Qxc4 b5 7.Qc2 Bb7 8.b3 Be7
9.Bb2 Bf6 10.Nc3 Ne7 11.O-O c5  1/2-1/2

[Event "Wch Seniors"]
[Site "Bad Woerishofen"]
[Date "1992.??.??"]
[Round "4"]
[White "Krogius, Nikolai V"]
[Black "Mertins, Klaus"]
[Result "1/2-1/2"]
[WhiteElo "2500"]
[BlackElo "2225"]

1.Nf3 d5 2.c4 c6 3.e3 Nf6 4.Nc3 e6 5.b3 Bd6 6.Bb2 O-O 7.Qc2 Qe7 8.Be2 Nbd7
9.O-O Ba3 10.Bxa3 Qxa3 11.d4 b6 12.Ne5 Qd6 13.f4 Bb7 14.Bf3 c5 15.cxd5 exd5
16.Qd2 Rfd8 17.Rfd1 Rac8 18.Rac1 cxd4 19.Qxd4 Nc5 20.Nb5 Qb8 21.Qb2 Ne6 22.Nd4 Nxd4
23.Qxd4 Rxc1 24.Rxc1 Rc8 25.Rc3 Rc7 26.g4 h6 27.h4 Qc8 28.Rxc7 Qxc7 29.g5 hxg5
30.hxg5 Nd7 31.Nxd7 Qxd7 32.Kf2 Qh3 33.Bxd5 Qh2+ 34.Ke1 Qg1+ 35.Ke2 Qh2+
36.Kd3 Bxd5 37.Qxd5 Qxa2 38.f5 Qb1+ 39.Ke2 Qc2+ 40.Kf3 Qc7 41.g6 Kf8 42.gxf7 Qxf7
43.Qa8+ Qe8 44.Qxa7 Qb5 45.e4 Qxb3+ 46.Kf4 Qb2 47.Qa8+ Kf7 48.Qd5+ Kf8 49.Qd6+ Kf7
50.Qd7+ Kf8 51.Qc8+ Kf7 52.Qc4+ Kf8 53.e5 Qf2+ 54.Ke4 Qh4+ 55.Kd5 Qd8+ 56.Kc6 Qe8+  1/2-1/2

[Event "Bad Woerishofen op"]
[Site "Bad Woerishofen"]
[Date "1992.??.??"]
[Round "7"]
[White "Gabriel, Christian"]
[Black "Haba, Petr"]
[Result "0-1"]
[WhiteElo "2360"]
[BlackElo "2515"]

1.Nf3 d5 2.c4 c6 3.d4 Nf6 4.Nc3 dxc4 5.a4 Bf5 6.e3 e6 7.Bxc4 Bb4 8.O-O O-O
9.Nh4 Nbd7 10.Qb3 Qb6 11.h3 Bg6 12.Rd1 Rad8 13.Bd2 a5 14.Be1 e5 15.Nxg6 hxg6
16.Qc2 exd4 17.exd4 Nb8 18.Qxg6 Rxd4 19.Ba2 Bc5 20.Rxd4 Bxd4 21.Qd3 Rc8 22.Qc4 Qxb2
23.Qxf7+ Kh8  0-1

[Event "Baden-Baden-B"]
[Site "Baden-Baden"]
[Date "1992.??.??"]
[Round "1"]
[White "Bischoff, Klaus"]
[Black "Ribli, Zoltan"]
[Result "1/2-1/2"]
[WhiteElo "2510"]
[BlackElo "2610"]

1.Nf3 d5 2.c4 e6 3.g3 dxc4 4.Qa4+ Nd7 5.Bg2 a6 6.Qxc4 b5 7.Qf4 Rb8 8.O-O Bb7
9.d4 Ngf6 10.Rd1 Be7 11.Bd2 O-O 12.Ba5 Rc8 13.Nbd2 Qe8 14.Nb3 c5 15.dxc5 Nxc5
16.Nxc5 Rxc5 17.Rac1 Qa8 18.Rxc5 Bxc5 19.Bb4 Bxb4 20.Qxb4 h6 21.Ne1 Rc8 22.Bxb7 Qxb7
23.Qd4 Nd5 24.Qd2 Rc4 25.Rc1 Qb6 26.Rxc4 bxc4 27.Nf3 Qc5 28.Kf1 a5 29.Qd4 Qb4
30.Ne5 c3 31.bxc3 Nxc3 32.Qd8+ Kh7 33.Qd3+ f5 34.g4 Qc5 35.gxf5 Qxe5 36.fxe6+ Kg8
37.Qd8+ Kh7 38.Qd3+ Kg8 39.Qd8+ Kh7 40.Qd3+  1/2-1/2

[Event "Baden-Baden-B"]
[Site "Baden-Baden"]
[Date "1992.??.??"]
[Round "7"]
[White "Ribli, Zoltan"]
[Black "Tischbierek, Raj"]
[Result "1-0"]
[WhiteElo "2610"]
[BlackElo "2495"]

1.Nf3 d5 2.c4 c6 3.e3 Nf6 4.Nc3 g6 5.d4 Bg7 6.Be2 O-O 7.O-O Bg4 8.cxd5 Nxd5
9.h3 Bxf3 10.Bxf3 e6 11.Qc2 Nd7 12.Rd1 Rc8 13.Bd2 Re8 14.Rac1 Nxc3 15.Bxc3 Qc7
16.a4 a5 17.b4 axb4 18.Bxb4 Ra8 19.a5 Bf8 20.Be1 Red8 21.Rb1 Nf6 22.Rb3 Rd7
23.Rdb1 Ra7 24.Qc4 Nd5 25.g3 Be7 26.Kg2 Kg7 27.e4 Nf6 28.Bc3 Kg8 29.Rb6 Bd8
30.a6 Qxb6 31.Rxb6 Bxb6 32.d5 exd5 33.exd5 Nxd5 34.Bxd5 Rxd5 35.axb7 Rxb7
36.Qxc6 Rdd7 37.Bf6  1-0

[Event "Balatonbereny op"]
[Site "Balatonbereny"]
[Date "1992.??.??"]
[Round "7"]
[White "Szirmai, Eduard"]
[Black "Lirindzakis, Timotheos"]
[Result "0-1"]
[WhiteElo "2265"]
[BlackElo "2325"]

1.Nf3 d5 2.c4 e6 3.b3 Nf6 4.g3 Be7 5.Bg2 O-O 6.O-O b6 7.Bb2 Bb7 8.d3 c5 9.Nbd2 d4
10.Qc2 Nc6 11.a3 Qc7 12.e4 dxe3 13.fxe3 Rad8 14.Rad1 Ng4 15.Rfe1 Rd7 16.Ne4 f5
17.Neg5 Nd8 18.Nh3 Bf6 19.Nf2 Bxb2 20.Qxb2 Nxf2 21.Kxf2 Nf7 22.Rd2 Rfd8 23.Red1 Nh6
24.h3 Nf7 25.Qc3 h6 26.d4 Nd6 27.Ne1 Bxg2 28.Kxg2 Ne4  0-1

[Event "Bankia tt"]
[Site "Bankia"]
[Date "1992.??.??"]
[Round "4"]
[White "Lukov, Valentin"]
[Black "Kolev, Atanas"]
[Result "1-0"]
[WhiteElo "2425"]
[BlackElo "2445"]

1.Nf3 d5 2.c4 e6 3.g3 c5 4.Bg2 Nf6 5.O-O Be7 6.b3 Nc6 7.e3 b6 8.Bb2 Bb7 9.Nc3 dxc4
10.bxc4 Qc7 11.Qe2 Rd8 12.d3 O-O 13.Rfd1 Rd7 14.Rab1 Rfd8 15.Ba1 h6 16.Ne1 Na5
17.f4 Bxg2 18.Qxg2 Ne8 19.Nb5 Qc6 20.Qxc6 Nxc6 21.Kf1 Nb4 22.Rd2 Nd6 23.Nxd6 Rxd6
24.Ke2 R6d7 25.a3 Nc6 26.Nf3 f6 27.g4 Kf7 28.h4 g6 29.Rg1 Bf8 30.Bc3 Bg7
31.Rdd1 e5 32.f5 g5 33.Rh1 Rh8 34.Nd2 Ne7 35.Ne4 gxh4 36.Rxh4 h5 37.Rdh1 Rdd8
38.Rxh5 Rxh5 39.Rxh5 Rh8 40.Rxh8 Bxh8 41.Nd6+ Kf8 42.Kf3 Bg7 43.g5 fxg5 44.Kg4 Bf6
45.Ne4 Kg7 46.Nxg5 Nc6 47.Ne4 Be7 48.f6+ Bxf6 49.Kf5 Bh4 50.Ke6 Kf8 51.Kd7 Ne7
52.Bxe5 Nf5 53.Bf4  1-0

[Event "Bankia tt"]
[Site "Bankia"]
[Date "1992.??.??"]
[Round "5"]
[White "Todorov, Ognjan"]
[Black "Stefanov, Krasimir"]
[Result "0-1"]
[WhiteElo "2365"]
[BlackElo "2405"]

1.Nf3 d5 2.c4 d4 3.g3 c5 4.b4 cxb4 5.a3 bxa3 6.Bxa3 Nc6 7.Bg2 e5 8.Bxf8 Kxf8
9.O-O Nf6 10.d3 g6 11.Na3 Kg7 12.Ra2 Qe7 13.Qa1 Rd8 14.Nc2 Kg8 15.Rb1 Nd7
16.Nd2 Nc5 17.Ne4 Ne6 18.Nd2 Rd7 19.Nb3 Rc7 20.Na5 Nc5 21.Nxc6 bxc6 22.Ra5 Kf8
23.Qa3 Nd7 24.Qa4 Rb8 25.Rxb8 Nxb8 26.h3 Rb7 27.Qa1 Bf5 28.Kh2 h5 29.Ne1 Rc7
30.Nf3 c5 31.Nd2 Bc8 32.Nb3 a6 33.Qa3 Nd7 34.Bd5 Kg7 35.Bg2 h4 36.gxh4 Qxh4
37.Kg1 Qe7 38.Kh2 Qh4 39.Kg1 Bb7 40.Nxc5 Nxc5 41.Rxc5 Bxg2 42.Kxg2 Qg5+ 43.Kh2 Qe7
44.Ra5 Qf6 45.Kg2 Qg5+ 46.Kh2 Qd2 47.Qa2 Qf4+ 48.Kg2 Rc8 49.Rxa6 Rh8 50.Ra8 Rh5  0-1

[Event "Berliner Sommer"]
[Site "Berlin"]
[Date "1992.??.??"]
[Round "?"]
[White "Lerner, Konstantin Z"]
[Black "Thesing, Matthias"]
[Result "1-0"]
[WhiteElo "2530"]
[BlackElo "2410"]

1.Nf3 d5 2.c4 e6 3.d4 Nf6 4.Nc3 dxc4 5.e4 Bb4 6.Bg5 b5 7.e5 h6 8.Bh4 g5 9.Nxg5 hxg5
10.Bxg5 Nbd7 11.Qf3 Rb8 12.exf6 Rg8 13.h4 Bb7 14.Qe3 Nb6 15.O-O-O Nd5 16.Nxd5 Bxd5
17.f4 c6 18.a3 Bd6 19.f5 Qa5 20.Bf4 Bxf4 21.Qxf4 Kd7 22.fxe6+ Bxe6 23.Qe5 Rbe8
24.Be2 c3 25.d5 cxb2+ 26.Qxb2 cxd5 27.Qxb5+ Qxb5 28.Bxb5+ Kd6 29.Bxe8 Rxe8
30.h5 Bf5 31.Rd2 Rc8+ 32.Kb2 Rb8+ 33.Kc3 Rc8+ 34.Kd4 Rc4+ 35.Ke3 Ke5 36.h6 Bh7
37.Rh5+ Kxf6 38.Rhxd5  1-0

[Event "Bern Training"]
[Site "Bern"]
[Date "1992.??.??"]
[Round "5"]
[White "Landenbergue, Claude"]
[Black "Campora, Daniel H"]
[Result "1/2-1/2"]
[WhiteElo "2410"]
[BlackElo "2550"]

1.Nf3 d5 2.c4 d4 3.e3 Nc6 4.exd4 Nxd4 5.Nxd4 Qxd4 6.Nc3 c6 7.d3 g6 8.Be3 Qd8
9.Qd2 Bg7 10.O-O-O Nf6 11.h3 O-O 12.g4 Qa5 13.Kb1 Rd8 14.Bg2 Be6 15.Ne2 Qa6
16.Qc2 Rac8 17.Nf4 Bd7 18.d4 b5 19.Rhe1 bxc4 20.Bf1 c5 21.Bxc4 Bb5 22.Bxb5 Qxb5
23.dxc5 Ne4 24.Ne2 Rxd1+ 25.Rxd1 Rb8 26.Bd4 Nxc5 27.Bxg7 Kxg7 28.Rd5 Rc8
29.Qd2 e6 30.Qd4+ f6 31.Nc3 Qf1+ 32.Qd1 Qxh3 33.Rd7+ Kh6 34.Rxa7 Qd3+ 35.Qxd3 Nxd3
36.f3 Rb8 37.b3 Ne5 38.Ne4 Nxf3 39.Nxf6 Kg5 40.Nxh7+ Kxg4 41.Re7 e5 42.Kb2 g5
43.a4 Kf4 44.a5 Nd4 45.Rf7+ Ke3 46.Nxg5 Rxb3+ 47.Ka2 Rb5 48.a6 Ra5+ 49.Kb2 Rxa6
50.Re7 Rb6+ 51.Kc3 Rc6+ 52.Kb2 Kf4 53.Nf7 e4 54.Ng5  1/2-1/2

[Event "Bern op"]
[Site "Bern"]
[Date "1992.??.??"]
[Round "9"]
[White "Erdelyi, Tamas"]
[Black "Kveinys, Aloyzas"]
[Result "0-1"]
[WhiteElo "2370"]
[BlackElo "2485"]

1.Nf3 d5 2.c4 e6 3.e3 Nf6 4.b3 Be7 5.Bb2 O-O 6.Be2 b6 7.O-O Bb7 8.d4 Nbd7
9.Nbd2 Bd6 10.Ne5 Bxe5 11.dxe5 Ne8 12.cxd5 exd5 13.f4 Qe7 14.Rf3 f6 15.exf6 Nexf6
16.Rg3 Rf7 17.Kh1 Re8 18.Qc2 Qc5 19.Qd3 Qf8 20.Rh3 Rfe7 21.Bd4 c5 22.Bxf6 Nxf6
23.Bg4 Ba6 24.Be6+ Rxe6 25.Qxa6 Ng4 26.Rg3 Nxe3 27.Qxa7 Qf6 28.Re1 Nf5 29.Rxe6 Qa1+  0-1

[Event "Biel op"]
[Site "Biel"]
[Date "1992.??.??"]
[Round "1"]
[White "Steingrimsson, Hedinn"]
[Black "Simon, Ralf Axel"]
[Result "1-0"]
[WhiteElo "2455"]
[BlackElo "2260"]

1.Nf3 d5 2.c4 e6 3.g3 dxc4 4.Qa4+ Bd7 5.Qxc4 c5 6.Ne5 Nc6 7.Nxd7 Qxd7 8.Bg2 Rc8
9.O-O Nge7 10.Qa4 Nf5 11.Nc3 Be7 12.Rb1 O-O 13.a3 Rfd8 14.b4 cxb4 15.axb4 b6
16.e3 Ne5 17.Qa6 Qd3 18.Qa2 Rc4 19.b5 Bf6 20.Rb3 Rdc8 21.Qxa7 Qc2 22.Rb2 Qd3
23.Qxb6 Nd7 24.Qa5 Bxc3 25.dxc3 Rxc3 26.Rd2 Qxf1+ 27.Bxf1 Ne5 28.Rd8+  1-0

[Event "Biel op"]
[Site "Biel"]
[Date "1992.??.??"]
[Round "7"]
[White "Dzuban, Oleg I"]
[Black "Ciric, Dragoljub M"]
[Result "1/2-1/2"]
[WhiteElo "2450"]
[BlackElo "2385"]

1.Nf3 d5 2.c4 e6 3.g3 Nf6 4.Bg2 Be7 5.O-O O-O 6.d4 c6 7.Qc2 Nbd7 8.Nbd2 b6
9.e4 Bb7 10.e5 Ne8 11.a3 a5 12.Rb1 c5  1/2-1/2